000 00317nam a22001337a 4500
008 170922b xxu||||| |||| 00| 0 eng d
020 _a9780897893237
041 _aeng
080 _a37
100 _a46
101 _aARK
245 _aTHE PROBLEM OF FREEDOM IN POSTMODERN EDUCATION
_cSZKUDLAREK,T
942 _2udc
_cBK
999 _c29021
_d29021